South American Geography by Letter - H - Statistics

General Stats
  • This quiz has been taken 26 times
  • The average score is 3 of 15
Answer Stats
Clue Answer % Correct
This "cape" is the southernmost headland of the Tierra del Fuego archipelago of southern Chile Cape Horn
65%
Name one of the top three names for boys and girls in Colombia starting with H Hector|Hernando|Henry|Hilda|Hermenia|Herminda
61%
A very hot pepper, originally from the Amazon region of South America Habanero
52%
South America is home to the Brazilian and Guiana of these landforms made up of hills and plateaus Highlands
39%
In Brazil, this type of eagle is known as royal-hawk Harpy Eagle
35%
Capital of the Huánuco Region and the Huánuco District in Peru Huánuco
26%
Type of bean originating in South and Central America Haricot Bean
22%
Island where the above is located Hornos Island
9%
The capital of Junín Region, in the central highlands of Peru Huancayo
9%
The fourth tallest mountain in South America and the Western Hemisphere, located in the Andes mountains of Peru Huascarán
4%
An incredible historical structure dating back to approximately 500 AD, these pyramid-shaped ruins are an icon of Lima, Peru Huaca Pucllana
0%
River born on the slopes of the Andes in central Peru and joins the Marañón before the latter reaches the Ucayali River to form the Amazon Huallaga River
0%
A Jivaroan language in northern Peru of around 30,000 speakers Huambisa
0%
The highest mountain in Bolivia, at 19,974 ft (6,088 meters) Huayna Potosi
0%
A famous English film, stage, and television actress born in Argentina, of whom won a Golden Globe Awar and a David di Donatello Award. Olivia Hussey
0%
No matching quizzes found
Score Distribution
Percent of People with Each Score
Percentile by Number Answered
Your Score History
You have not taken this quiz